| 000 | 00475nam a22001817a 4500 | ||
|---|---|---|---|
| 003 | OSt | ||
| 005 | 20251121133956.0 | ||
| 008 | 251121b |||||||| |||| 00| 0 eng d | ||
| 020 | _a0-671-77539-1. | ||
| 040 |
_aDWCL-Main lib _cOC |
||
| 082 | _aFic. M113c 1991 | ||
| 100 | _aMcginnis, Joe | ||
| 245 |
_aCruel doubt _cMcginnis, Joe |
||
| 260 |
_aN. Y. : _bPocket Books, _cc1991. |
||
| 300 |
_axii, 488 pages ; _c17 cm. |
||
| 650 | _21. Fiction. | ||
| 942 |
_2ddc _cFIC. _kFic. _n0 |
||
| 999 |
_c5998 _d5998 |
||